<?xml version="1.0" encoding="UTF-8"?>
<marc:record xmlns:marc="http://www.loc.gov/MARC21/slim">
   <marc:leader>00000nam a2200000 a 4500</marc:leader>
   <marc:datafield ind1="1" ind2=" " tag="100">
      <marc:subfield code="a">Concorde Video</marc:subfield>
      <marc:subfield code="4">aut</marc:subfield>
      <marc:subfield code="e">Verfasser/-in</marc:subfield>
   </marc:datafield>
   <marc:datafield ind1=" " ind2=" " tag="653">
      <marc:subfield code="a">ohne Altersbeschränkung</marc:subfield>
   </marc:datafield>
   <marc:datafield ind1="0" ind2="0" tag="245">
      <marc:subfield code="a">Shaun das Schaf - Das Hüpfschaf</marc:subfield>
   </marc:datafield>
   <marc:datafield ind1="0" ind2="0" tag="245">
      <marc:subfield code="b">8 mal urkomisches Farmchaos!</marc:subfield>
   </marc:datafield>
   <marc:datafield ind1="0" ind2="0" tag="245">
      <marc:subfield code="c">Concorde Video</marc:subfield>
   </marc:datafield>
   <marc:datafield ind1="1" ind2=" " tag="490">
      <marc:subfield code="a">Shaun das Schaf</marc:subfield>
   </marc:datafield>
   <marc:datafield ind1="1" ind2=" " tag="520">
      <marc:subfield code="a">Shaun, das Schaf, lebt auf einem kleinen Bauernhof im ländlichen England. Der unternehmungslustige Wuschelkopf ist stets zur Stelle, wenn es auf dem Hof ein Problem zu lösen gilt, und hält mit seinen kuriosen Einfällen alle mächtig auf Trab. Zunächst kommt er aber selber erst einmal richtig ins Schwitzen beim Versuch den kleinen Timmy wieder einzufangen, der durch eine Sprungfeder zum Hüpfschaf geworden ist und sich dann sogar durch ein extra Portion Düngemittel in ein Riesenschaf verwandelt. Das undichte Scheunendach bringt den Schafen „Eine schlaflose Nacht“ ein. Hofhund Blitzer quartiert sie deshalb kurzerhand bei den Schweinen ein, aber das gibt Ärger. Auch als der Bauer es sich in den Kopf gesetzt hat, mit der Katze des Nachts das Tanzbein zu schwingen, sind die Schafe um den Schlaf gebracht. Und schließlich quartiert sich der Bauer, der sich „Ausgesperrt“ hat, auch noch selbst bei den Schafen ein. Natürlich lässt Shaun das nicht auf sich sitzen und geht zum Gegenangriff über! „Ein haariges Problem“ in Form eines Toupets sorgt auf der Farm ebenso für Aufregung wie die wieder entdeckte Golfleidenschaft des Bauern. Ob es Bitzer noch einmal gelingt, die eigenwilligen Schafe im Zaum zu halten, ohne dass der Bauer merkt, was hinter seinem Rücken gespielt wird?</marc:subfield>
   </marc:datafield>
   <marc:datafield ind1=" " ind2=" " tag="041">
      <marc:subfield code="a">ger</marc:subfield>
   </marc:datafield>
   <marc:datafield ind1=" " ind2=" " tag="338">
      <marc:subfield code="a">Videodisk</marc:subfield>
   </marc:datafield>
   <marc:datafield ind1=" " ind2=" " tag="300">
      <marc:subfield code="a">56 Min.</marc:subfield>
   </marc:datafield>
</marc:record>
